Piosenki Sylwii Grzeszczak - nagła śmierć - Statystyki

Ogólne statystyki
  • Ten quiz został rozwiązany 163 razy
  • Średni wynik to 7 z 12
Answers on the Grid
Answers color-coded by a green-red scale on the quiz's grid according to % correct below.
Małe rzeczy
och i ach
Złamane serce jest OK
To co nam było
Naucz mnie
Motyle
Nie daj się
Księżniczka
Parostatek
Tamta dziewczyna
Porady na zdrady
Z Tobą nie umiem wygrać
Pożyczony
Szarówka
Flirt
Kocham Cię jak Irlandię
Kiedy tylko spojrzę
Bezdroża
Na szczycie
Sen o przyszłości
Z Tobą na chacie
Karuzela
Nie patrzę w dół
Latawce
 
Statystyki odpowiedzi
Odpowiedź % Poprawnych
Małe rzeczy
91%
och i ach
83%
Tamta dziewczyna
67%
Księżniczka
65%
Pożyczony
57%
Karuzela
50%
Sen o przyszłości
49%
Motyle
46%
Bezdroża
41%
Latawce
39%
Flirt
38%
Kiedy tylko spojrzę
27%
Nie znaleziono quizów pasujących do podanych kryteriów
Rozkład punktacji
Procent ludzi z każdym wynikiem
Percentyl według liczby udzielonych odpowiedzi
Twoja historia wyników
Nie rozwiązałeś tego quizu